|
|
|
|
| LEADER |
00000nam0a2200000 4500 |
| 001 |
248063 |
| 005 |
20231101232344.0 |
| 035 |
|
|
|a (RuTPU)RU\TPU\book\269728
|
| 090 |
|
|
|a 248063
|
| 100 |
|
|
|a 20140117d1988 k y0rusy50 ca
|
| 101 |
0 |
|
|a rus
|
| 102 |
|
|
|a RU
|
| 105 |
|
|
|a a z 001zy
|
| 200 |
1 |
|
|a Совершенствование технологических способов строительства глубоких разведочных скважин в Западной Сибири
|e сборник научных трудов
|f Западно-Сибирский научно-исследовательский геологоразведочный нефтяной институт (ЗапСибНИГНИ) ; Главное тюменское геологическое управление (Главтюменьгеология) ; под ред. Б. М. Блинова
|
| 210 |
|
|
|a Тюмень
|d 1988
|
| 215 |
|
|
|a 149 с.
|c ил.
|
| 320 |
|
|
|a Библиогр. в конце ст.
|
| 606 |
1 |
|
|a Буровые работы
|2 stltpush
|3 (RuTPU)RU\TPU\subj\30603
|9 53690
|
| 610 |
1 |
|
|a глубокие разведочные скважины
|
| 610 |
1 |
|
|a строительство
|
| 610 |
1 |
|
|a разведочные скважины
|
| 610 |
1 |
|
|a Западная Сибирь
|
| 610 |
1 |
|
|a научно-технический прогресс
|
| 610 |
1 |
|
|a крепления
|
| 610 |
1 |
|
|a термодинамика
|
| 610 |
1 |
|
|a глинистые породы
|
| 610 |
1 |
|
|a продуктивные пласты
|
| 675 |
|
|
|a 622.24:69
|v 3
|
| 702 |
|
1 |
|a Блинов
|b Б. М.
|4 340
|
| 712 |
0 |
2 |
|a Западно-Сибирский научно-исследовательский геологоразведочный нефтяной институт (ЗапСибНИГНИ)
|c (Тюмень)
|2 stltpush
|3 (RuTPU)RU\TPU\col\2064
|
| 712 |
0 |
2 |
|a Главное тюменское геологическое управление (Главтюменьгеология)
|2 stltpush
|3 (RuTPU)RU\TPU\col\11337
|
| 801 |
|
1 |
|a RU
|b 63413507
|c 20140117
|
| 801 |
|
2 |
|a RU
|b 63413507
|c 20140120
|g RCR
|
| 942 |
|
|
|c BK
|